000 00402nam a2200169Ia 4500
003 GCL
008 140319s9999 xx 000 0 eng d
040 _aGCL /
_cGCL
082 0 4 _a005.3
_bB U
100 1 _aBROWN, MARK
245 1 0 _aUSING NETSCAPE 2 /
_cBROWN, MARK
260 _a[S.N] :
_bQUE ،
_c1995
300 _a992 P
650 0 4 _aشعر الحرب
650 0 4 _aNET SCAPE
942 _2ddc
_cBK
999 _c13585
_d13585